| 000 | 01025nam a2200229Ia 4500 | ||
|---|---|---|---|
| 003 | OSt | ||
| 005 | 20251016155548.0 | ||
| 008 | 220922b |||||||| |||| 00| 0 hin d | ||
| 020 | _a8126001143 (hbk) | ||
| 037 | _cTB | ||
| 040 |
_aARTS _cARTS _bhin |
||
| 041 |
_2hin _ahin |
||
| 084 |
_aO142,3N37,1 152N6 _qAL |
||
| 100 |
_aरस्पूतिन, वलेन्तीन ग्रिर्योविच; पॉंडे, हेमचन्द्र, अनु. _9156503 |
||
| 245 | 0 | _aतीन रूसी उपन्यास/ | |
| 246 | _aTīn rūsī upanyāsa | ||
| 260 |
_aनई दिल्ली: _bसाहित्य अकादमी, _c1996. |
||
| 300 |
_a492पृ. _ccm. |
||
| 490 | _aबीसवीं शताब्दी का साहित्य | ||
| 942 |
_hO142,3N37,1, 152N6 _cTB _2CC _n0 |
||
| 999 |
_c293146 _d293146 |
||